000 00275nam a22001217a 4500
008 151105t xxu||||| |||| 00| 0 eng d
100 _aAshfaq Ahmad
_91357
240 _aarz e munsif
245 _aArz-e-Musnif
246 _aarze munsif
300 _a250
942 _2ddc
_cBK
999 _c479895
_d479895